Perverse subsidies : (Record no. 15267)

000 -LEADER
fixed length control field 00633cam a22001934a 4500
020 ## - INTERNATIONAL STANDARD BOOK NUMBER
ISBN 1559638346 (cloth : alk. paper)
020 ## - INTERNATIONAL STANDARD BOOK NUMBER
ISBN 1559638354 (pbk. : alk. paper)
040 ## - CATALOGING SOURCE
Transcribing agency DLC
082 00 - DEWEY DECIMAL CLASSIFICATION NUMBER
Classification number 338 ISL 2001 A075 Or.
100 1# - MAIN ENTRY--AUTHOR NAME
Personal name Myers, Norman.
245 10 - TITLE STATEMENT
Title Perverse subsidies :
Remainder of title how tax dollars can undercut the environment and the economy /
260 ## - PUBLICATION, DISTRIBUTION, ETC. (IMPRINT)
Place of publication Washington, DC :
Name of publisher Island Press,
Year of publication c2001.
300 ## - PHYSICAL DESCRIPTION
Number of Pages xviii, 277 p. ;
Dimensions 23 cm.
650 #0 - SUBJECT ADDED ENTRY--TOPICAL TERM
Topical Term Subsidies
650 #0 - SUBJECT ADDED ENTRY--TOPICAL TERM
Topical Term Environmental degradation
700 1# - ADDED ENTRY--PERSONAL NAME
Personal name Kent, Jennifer,
856 42 - ELECTRONIC LOCATION AND ACCESS
Uniform Resource Identifier http://www.loc.gov/catdir/enhancements/fy0666/00012384-d.html
942 ## - ADDED ENTRY ELEMENTS (KOHA)
Koha item type សៀវភៅភាសាអង់គ្លេស
952 ## - LOCATION AND ITEM INFORMATION (KOHA)
Withdrawn status [LOCAL, KOHA] 0
Holdings
Permanent Location Date acquired Koha item type Lost status Shelving location Barcode Current Location Full call number
Library Block A2017-11-14សៀវភៅភាសាអង់គ្លេស A075A06356Library Block A338 ISL 2001 A075 Or.
មជ្ឈមណ្ឌលឯការនៃសាកលវិទ្យាល័យភូមិន្ទកសិកម្មចំការដូង

Powered by Koha